000 00639nam a2200301Ia 4500
005 20260127113217.0
008 008 260114s9999 xx 000 0 eng d
020 _a9780199485062
037 _aTextbook
040 _aPSDL
040 _beng
040 _cPSDL
041 _2eng
041 _aeng
084 _aY592 Q8
084 _qPSDL
100 _aShah Alpa
_91110927
245 0 _aGround down by growth
245 0 _cShah Alpa
260 _aNewDelhi
260 _bOxford
260 _c2018
300 _a281
942 _cTB
942 _hY592 Q8
999 _c1677099
_d1677099